000 00491nam a22001697a 4500
005 20251108165917.0
008 250721s1986 xx 000 0 ara d
082 1 4 _aق/موت
100 1 _aوولف، توبياس
245 1 0 _aالموت و الحياة :
_bقصص أمريكية قصيرة /
264 _bدار الهلال،
_c1986.
300 _a308ص
650 1 7 _aالأدب القصصي
700 1 _aمسعود، محمود
_eترجمة
942 _2ddc
_cBK
999 _c34564
_d34564